| 000 | 00605nam a22001817a 4500 | ||
|---|---|---|---|
| 003 | NUST | ||
| 038 | _aMr. Zahoor | ||
| 082 | _a670.5 | ||
| 100 |
_aMuhammad Asad Ullah _915421 |
||
| 245 |
_aGEOMETRIC ERROR MEASUREMENT AND COMPENSATION IN TWO AXIS CNC MACHINE / _cMuhammad Asad Ullah |
||
| 260 |
_aIslamabad : _bSMME - NUST, _c2013. |
||
| 300 | _aill, 62 p, ; | ||
| 500 | _aHardcover. | ||
| 600 | _2Industrial & Manufacturing Engineering - MS Thesis | ||
| 700 |
_aSupervisor : Dr. Shahid Ikramullah Butt _9119623 |
||
| 856 | _uhttp://10.250.8.41:8080/xmlui/handle/123456789/9112 | ||
| 942 |
_2ddc _cTHE |
||
| 999 |
_c524618 _d524618 |
||